000 00889nas a2200289 4500
001 BR2014002993
003 BR-BrBNA
005 20231205124025.0
007 ta
008 230509b bl.|||p| |||| 00| 00por d
040 _aBR-BrBNA
_bpor
_cBiblioteca Nacional de Agricultura
041 _a(Pt)
072 _aK01; P35
100 1 _aSilva, C.J. da
100 1 _aLobo, F. de A.
100 1 _aBleich, M.E.
100 1 _aSanches, L.
245 1 _aContribuição de folhas na formação da serrapilheira e no retorno de nutrientes em floresta de transição no norte de Mato Grosso
650 _aSOLO
650 _aFOLHA
650 _aDECOMPOSIÇÃO
650 _aSERRAPILHEIRA
650 _aNITROGÊNIO
773 0 _tActa Amazonica (Brazil)
_xISSN 0044-5967
_g(Sep 2009), v. 39(3) p. 591-600
_wBR2014002993
909 _a202311
_bLúcia
_c55
_dLúcia Elande
942 _2AGRIS
_n0
_cANA
999 _c236957
_d236957